Statistics for Premier League 2010-2011 Top scorers

Click here to take the quiz!

General Stats

  • This quiz has been taken 11 times
  • The average score is 8 of 11

Answer Stats

GoalsNationalityClubPlayer% Correct
20ArgentinaManchester CityCarlos Tevez
100%
20BulgariaManchester UnitedDimitar Berbatov
100%
18NetherlandsArsenalRobin van Persie
100%
13NetherlandsLiverpoolDirk Kuyt
90%
13MexicoManchester UnitedJavier Hernández
90%
17EnglandSunderland/Aston VillaDarren Bent
80%
13EnglandNewcastle/LiverpoolAndy Carroll
70%
13NetherlandsTottenham HotspurRafael van der Vaart
70%
13FranceChelseaFlorent Malouda
50%
15NigeriaWest Bromwich AlbionPeter Odemwingie
40%
13EnglandBlackpoolDJ Campbell
20%

Score Distribution

Percentile by Number Answered

Percent of People with Each Score

Your Score History

You have not taken this quiz